| 000 | nam a22 a 4500 | ||
|---|---|---|---|
| 999 |
_c1764 _d1764 |
||
| 005 | 20170511153147.0 | ||
| 008 | 170511s2010 enk||||| |||| 00| 0 eng d | ||
| 020 | _a9780857080615 | ||
| 040 | _aAKMAL | ||
| 082 | _a338.0409222 DEA | ||
| 090 |
_a338.0409222 _bDEA |
||
| 100 |
_aDearlove, Des. _93645 |
||
| 245 | 1 | 4 |
_aThe unauthorized guide to doing business the Richard Branson way _b10 secrets of the world's greatest brand builder / _cby Des Dearlove. |
| 250 | _aRev. 3rd ed. | ||
| 260 |
_aChichester _bCapstone Pub., _c2010. |
||
| 300 |
_axv, 158 p. _c22cm |
||
| 500 | _aIncludes index. | ||
| 600 | 1 | 0 |
_aBranson, Richard. _93646 |
| 610 | 2 | 0 |
_aVirgin Group _xHistory. _93647 |
| 650 |
_aBusinessmen _vBiography. _zGreat Britain _93648 |
||
| 650 |
_aSuccess in business _v Case studies. _zGreat Britain _93649 |
||
| 650 |
_aBrand name products _zGreat Britain. _93650 |
||
| 650 |
_aAeronautics, Commercial _xHistory. _zGreat Britain _93651 |
||
| 942 |
_2ddc _cBOOK |
||